Judikatúra Súdneho dvora EÚ za roky 2011 - 2012 : vo veciach dane z pridanej hodnoty

Guardado en:
Detalles Bibliográficos
Otros Autores: Šidlová, Zuzana, Škvarková, Jana
Formato: Libro
Lenguaje:eslovaco
Publicado: Bratislava Iura Edition 2013
Materias:
Etiquetas: Agregar Etiqueta
Sin Etiquetas, Sea el primero en etiquetar este registro!

MARC

LEADER 00000nam a2200000 4500
001 0229024
005 20240314113707.4
020 |a 978-80-8078-610-6 
041 0 |a slo 
044 |a SK 
245 1 0 |a Judikatúra Súdneho dvora EÚ  |b za roky 2011 - 2012 : vo veciach dane z pridanej hodnoty  |c zostavili Zuzana Šidlová, Jana Škvarková 
264 1 |a Bratislava  |b Iura Edition  |c 2013 
300 |a 343 s. 
610 2 0 |a Súdny dvor Európskej únie 
610 2 0 |a právo európske 
610 2 0 |a dane z hodnoty pridanej 
700 1 |a Šidlová, Zuzana 
700 1 |a Škvarková, Jana